Qui a chanté ces paroles? - Chansons françaises - Statistiques

Statistiques générales
  • Ce quiz a été pris 146 fois
  • Le résultat moyen est 5 sur 15
Statistiques - réponses
Paroles Interprète % Correct
J'suis chanteur, je chante pour mes copains J'veux faire des tubes et que ça tourne bien, tourne bien J'veux écrire une chanson dans le vent Daniel Balavoine
89%
Il n'y a que pour sa musique, qu'il était patriote Il s'rait mort au champ d'honneur pour quelques notes Et pour quelle raison étrange Les gens qui tiennent à leurs rêves, ça nous dérange France Gall
69%
On nous fait croire, Que le bonheur c'est d'avoir, De l’avoir plein nos armoires... Alain Souchon
57%
Faut vous dire, Monsieur, que chez ces gens-là, on ne pense pas, Monsieur, on ne pense pas, on prie. Jacques Brel
54%
Le travail ne me fait pas peur Je suis un peu décorateur Un peu styliste Charles Aznavour
42%
En gros, tous les trucs où les gens disent "Tu perds ton temps" Faut que tu t'mettes à fond dedans et qu'tu t'accroches longtemps Si tu veux faire des films, t'as juste besoin d'un truc qui filme Orelsan
41%
Pour endormir ma peine et pour sourire J'ai des conversations imaginaires Avec des gens qui ne sont pas sur la Terre Louane
37%
Des crèmes et des bains Qui font la peau douce Mais ça fait bien loin Que personne ne la touche Jean-Jacques Goldman
33%
Je t'aurais refait ton chignon Et toi, tu m'aurais dit ça tire Moi, j'aurais fait un peu le con Juste pour regarder ton sourire Claudio Capéo
27%
Je veux dédier ce poèmeÀ toutes les femmes qu'on aime Pendant quelques instants secrets. Georges Brassens
13%
Le ciel est si bas sur les dunes Que l'on croirait toucher la lune Rien qu'en levant les bras Michel Sardou
12%
Tu changeais d'appartement Pour une dixième fois peut-être Tu te lavais dans les fêtes Entre bureau et tristesse Eddy de Pretto
9%
J'ai posé le téléphone comme ça J'peux jurer avoir entendu le glas J'aurais dû te libérer avant que tu me libères, moi Benjamin Biolay
3%
C’est pas vraiment leur faute, À ceux qui ont de la peine, À ceux qui lèvent le poing, Comme on brandit un glaive. Francis Cabrel
2%
Qu'elle est lourde à porter l'absence de l'ami,L'ami qui tous les soirs venait à cette table. Gilbert Bécaud
2%
Aucun quiz correspondant
Distribution des résultats
% des personnes avec chaque résultat
Percentile par nombre de réponses
Votre historique - résultats
Vous n’avez pas pris ce quiz